Pokemon Sets With the Most Cards In - Statistics

General Stats
  • This quiz has been taken 27 times
  • The average score is 11 of 20
Answer Stats
Date of Release Set Cards in Set % Correct
March 2023 Scarlet and Violet 258
77%
November 2022 Silver Tempest 245
73%
January 2023 Crown Zenith 230
68%
August 2021 Evolving Skies 237
68%
September 2022 Lost Origin 247
64%
June 2023 Paldea Evolved 279
64%
May 2022 Astral Radiance 246
59%
February 2022 Brilliant Stars 216
59%
November 2021 Fusion Strike 284
59%
August 2023 Obsidian Flames 230
59%
January 2024 Paldean Fates 245
55%
November 2023 Paradox Rift 266
55%
February 2020 Sword and Shield 216
55%
March 2024 Temporal Forces 218
55%
June 2021 Chilling Reign 233
45%
November 2019 Cosmic Eclipse 271
41%
May 2019 Unbroken Bonds 234
41%
August 2019 Unified Minds 258
36%
May 2020 Rebel Clash 209
27%
November 2018 Lost Thunder 236
23%
No matching quizzes found
Score Distribution
Percent of People with Each Score
Percentile by Number Answered
Your Score History
You have not taken this quiz